Dua Lipa - Paroles Illusion - Statistiques

Statistiques générales
  • Ce quiz a été pris 38 fois
  • Le résultat moyen est 283 sur 367
Statistiques - réponses
Hint Réponse % Correct
Couplet 1 | Pré-refrain I
100%
(I
100%
Refrain Ooh,
100%
ooh,
100%
ooh)
100%
Ooh
100%
ooh
100%
(woo)
100%
a
96%
the
96%
be
93%
do
93%
know
93%
on
93%
red
93%
you
93%
You
93%
illu-
89%
illusion
89%
Bridge Illusion,
89%
(Illusion)
89%
(illusion,
89%
illusion,
89%
illusion)
89%
to
89%
your
89%
don't
86%
Don't
86%
flag
86%
it
86%
it's
86%
my
86%
an
82%
been
82%
end,
82%
for
82%
In
82%
like
82%
like,
82%
think
82%
all
79%
dance
79%
Post-refrain Dance
79%
dance,
79%
doin'?
79%
I'm
79%
just
79%
known
79%
lover
79%
me
79%
miss
79%
things
79%
what
79%
And
75%
and
75%
night?
75%
night,
75%
night
75%
pedestal
75%
put
75%
that
75%
time
75%
off
71%
take
71%
who
71%
you're
71%
could
68%
last
68%
ride
68%
this
68%
type,
68%
fall
64%
glasses
64%
really
64%
rose
64%
when
64%
confusin'
61%
have
61%
those
61%
already
57%
amusin'
57%
gonna
57%
right
54%
Couplet 2 Was
54%
let
50%
Now
50%
takin'
50%
wanna
50%
can
46%
deserve
46%
life,
46%
way
46%
Yeah,
46%
burn
43%
colored
43%
grown,
43%
movin'
43%
tellin'
43%
learned
39%
lessons
39%
still
39%
with
39%
with,
39%
yours
39%
make
36%
worked
36%
cards
32%
play
32%
dancin'
25%
match
25%
might
25%
shit
25%
Tryin'
25%
threw
21%
Aucun quiz correspondant
Distribution des résultats
% des personnes avec chaque résultat
Percentile par nombre de réponses
Votre historique - résultats
Vous n’avez pas pris ce quiz